| 000 | 01106nam a2200229Ii 4500 | ||
|---|---|---|---|
| 003 | JO-AjNU | ||
| 008 | 230605s9999||||xx |||||||||||||| ||und|| | ||
| 017 | _a2003/10472 | ||
| 020 | _a977-5024-55-2 | ||
| 040 |
_aJO-AjNU _bara _erda _cJO-AjNU |
||
| 041 | _aara | ||
| 050 | 1 | 4 | _aHE 323 .I83. 2003 |
| 100 | 3 |
_aفريق من خبراء المنظمة العربية للتنمية الادارية, _eauthor _932879 |
|
| 245 | 0 | 0 | _aالاتفاقيات الدولية والاقليمية للنقل البري ودورها في تذليل معوقات التجارة العربية البينية |
| 264 | 3 | 1 | _aالقاهرة: المنظمة العربية للتنمية الادارية،2003 |
| 300 |
_a282ص _bيحتوي على ملاحق من ص 263-276،ببلوغرافية من ص279-282 |
||
| 336 |
_atext _btxt _2rdacontent |
||
| 337 |
_aunmediated _bn _2rdamedia |
||
| 338 |
_avolume _bnc _2rdacarrier |
||
| 490 | 0 | _aالمنظمة العربية للتنمية الادارية بحوث ودراسات؛379 | |
| 650 | 4 |
_aالنقل البري-معهدات-البلاد العربية _932880 |
|
| 999 |
_aA13323 _c16891 _d16891 |
||